Match City to Roman Province - Statistics

General Stats
  • This quiz has been taken 23 times
  • The average score is 6 of 8
Answer Stats
Hint Answer % Correct
Carthago Africa
87%
Londinium Britannia
87%
Athenae Graecia
80%
Alexandria Aegyptus
73%
Syracusae Sicilia
73%
Lutetia Gallia
67%
Colonia Agrippina Germania
67%
Carthago Nova Hispania
67%
No matching quizzes found
Score Distribution
Percent of People with Each Score
Percentile by Number Answered
Your Score History
You have not taken this quiz